[Event "Aeroflot Open 2012 B"]
[Site "Moscow"]
[Date "2012.02.10"]
[Round "4"]
[White "Wen, Yang"]
[Black "Diermair, Andreas"]
[Result "1-0"]
[WhiteElo "2543"]
[BlackElo "2429"]
[PlyCount "79"]
[EventDate "2012.02.07"]
[EventType "swiss"]
[EventRounds "9"]
[EventCountry "RUS"]

1. d4 d5 2. c4 e6 3. Nf3 Nf6 4. g3 Bb4+ 5. Bd2 Be7 6. Bg2 O-O 7. O-O c6 8. Nc3
Nbd7 9. Bf4 dxc4 10. e4 b5 11. d5 Qb6 12. Nd4 cxd5 13. exd5 e5 14. d6 Bxd6 15.
Ndxb5 Bc5 16. Bxa8 exf4 17. Na3 fxg3 18. hxg3 Qb8 19. Bg2 Qxg3 20. Qf3 Qh4 21.
Ne2 Ne5 22. Qg3 Qh5 23. Nf4 Qf5 24. Rae1 $11 Neg4 25. Nxc4 Ba6 26. b3 Bxc4 27.
bxc4 Bd6 28. Nd5 Nxd5 29. Qxd6 Nf4 30. f3 Nxg2 31. Kxg2 Nf6 32. Rf2 Rc8 33. Qd4
h5 34. Re5 Qg6+ 35. Kh2 Qh6 36. Rg2 Rb8 37. Qe3 Qh7 38. Qg5 Ng4+ 39. fxg4 hxg4+
40. Qh5 1-0

[Event "Aeroflot Open 2012 B"]
[Site "Moscow"]
[Date "2012.02.10"]
[Round "4"]
[White "Badmatsyrenov, Oleg"]
[Black "Bogdanovich, Stanislav"]
[Result "0-1"]
[WhiteElo "2445"]
[BlackElo "2513"]
[PlyCount "85"]
[EventDate "2012.02.07"]
[EventType "swiss"]
[EventRounds "9"]
[EventCountry "RUS"]

1. e4 e5 2. Nf3 Nc6 3. Bc4 Bc5 4. c3 Nf6 5. d3 a6 6. Bb3 d6 7. h3 Ba7 8. Nbd2
O-O 9. Nf1 d5 10. Qe2 Be6 11. Ng3 dxe4 12. dxe4 Bxb3 13. axb3 Ne8 14. O-O Nd6
15. Nh2 Qe8 16. Qg4 f6 17. Nf3 Kh8 18. Nf5 Qf7 19. Nxd6 cxd6 20. Nh4 Rfd8 21.
Rd1 Qxb3 22. Nf5 g6 23. Bh6 Rd7 24. Ne3 Qf7 25. Nd5 f5 26. Qh4 fxe4 27. Nf6
Rdd8 28. Bg5 Ne7 29. Nxe4 Nf5 30. Bf6+ Kg8 31. Qg4 Rf8 32. c4 Bd4 33. Ra3 Qxc4
34. Bg5 Qe6 35. Bh6 Rfc8 36. Rf3 Re8 37. Ng5 Qc8 38. Ne4 Nxh6 39. Qg5 Rf8 40.
Rf6 Kg7 41. Ng3 Ng8 42. Nh5+ Kh8 43. Rxd6 0-1

[Event "Aeroflot Open 2012 B"]
[Site "Moscow"]
[Date "2012.02.10"]
[Round "4"]
[White "Kanter, Eduard"]
[Black "Obolenskikh, Dmitry"]
[Result "0-1"]
[WhiteElo "2414"]
[BlackElo "2510"]
[PlyCount "86"]
[EventDate "2012.02.07"]
[EventType "swiss"]
[EventRounds "9"]
[EventCountry "RUS"]

1. d4 d5 2. c4 e6 3. Nf3 c6 4. g3 Nf6 5. Bg2 Bb4+ 6. Nc3 dxc4 7. O-O Nbd7 8.
Qc2 b5 9. a4 Qb6 10. b3 cxb3 11. Qxb3 a5 12. Ng5 Bb7 13. Rb1 h6 14. Nge4 Nxe4
15. Nxe4 c5 16. dxc5 Nxc5 17. Nxc5 Bxg2 18. Kxg2 Qxc5 19. Bb2 O-O 20. Rfc1 bxa4
21. Qxa4 Qd5+ 22. Kg1 Rfc8 23. Qa1 Rxc1+ 24. Rxc1 Bf8 25. Ba3 Bxa3 26. Qxa3 a4
27. Ra1 Qe4 28. Ra2 Rb8 29. f3 Qd4+ 30. Kg2 Rb1 31. Qxa4 Rg1+ 32. Kh3 Qf2 33.
Qe8+ Kh7 34. Qxf7 Qg2+ 35. Kg4 Qxh2 36. Kf4 Qxg3+ 37. Ke4 Qd6 38. Qa7 Rb1 39.
Ra4 Qd2 40. Qa6 Rb2 41. Ke5 Qd5+ 42. Kf4 Qg5+ 43. Ke4 Rb3 0-1

[Event "Aeroflot Open 2012 B"]
[Site "Moscow"]
[Date "2012.02.10"]
[Round "4"]
[White "Gomes, Mary Ann"]
[Black "Gavrilov, Alexei"]
[Result "0-1"]
[WhiteElo "2377"]
[BlackElo "2498"]
[PlyCount "84"]
[EventDate "2012.02.07"]
[EventType "swiss"]
[EventRounds "9"]
[EventCountry "RUS"]

1. Nf3 d5 2. c4 d4 3. g3 Nc6 4. d3 e5 5. Bg2 Bb4+ 6. Bd2 a5 7. O-O Nf6 8. Bxb4
axb4 9. Nbd2 O-O 10. Re1 h6 11. Nb3 Bf5 12. Nh4 Bh7 13. e3 dxe3 14. Rxe3 g5 15.
Nf3 Ng4 16. Re2 Qxd3 17. Rd2 Qf5 18. Nc5 Rad8 19. Nxb7 Nxf2 20. Nxd8 Nxd1 21.
Nxc6 Qe6 22. Nxg5 hxg5 23. Bd5 Qf6 24. Raxd1 Kg7 25. c5 g4 26. Rf2 Qg5 27. Nxb4
Qe3 28. Bb3 Qxc5 29. Nd3 Qe3 30. Bc2 Rd8 31. Re1 Qb6 32. Rd1 Rd6 33. Ne1 Rf6
34. Rdd2 e4 35. Rde2 Bg6 36. b3 Qd4 37. Kf1 Rf3 38. a4 f5 39. a5 Be8 40. Nxf3
gxf3 41. Rxf3 exf3 42. Rxe8 Qd2 0-1

[Event "Aeroflot Open 2012 B"]
[Site "Moscow"]
[Date "2012.02.10"]
[Round "4"]
[White "Ankit, R. Rajpara"]
[Black "Deepan Chakkravarthy J."]
[Result "1/2-1/2"]
[WhiteElo "2349"]
[BlackElo "2495"]
[PlyCount "31"]
[EventDate "2012.02.07"]
[EventType "swiss"]
[EventRounds "9"]
[EventCountry "RUS"]

1. e4 c5 2. Nf3 e6 3. b3 a6 4. Bb2 d6 5. Bd3 Nc6 6. O-O Nge7 7. Re1 Ng6 8. Bf1
e5 9. c3 Be7 10. d4 cxd4 11. cxd4 Bg4 12. Nbd2 Bg5 13. Nc4 exd4 14. Be2 Bxf3
15. Bxf3 Nge5 16. Bxd4 1/2-1/2

[Event "Aeroflot Open 2012 B"]
[Site "Moscow"]
[Date "2012.02.10"]
[Round "4"]
[White "Shyam, Nikil P"]
[Black "Zhang, Xiaowen"]
[Result "1/2-1/2"]
[WhiteElo "2482"]
[BlackElo "2348"]
[PlyCount "71"]
[EventDate "2012.02.07"]
[EventType "swiss"]
[EventRounds "9"]
[EventCountry "RUS"]

1. e4 e6 2. Qe2 c5 3. f4 Nc6 4. Nf3 d5 5. d3 Nf6 6. e5 Nd7 7. c4 Nb6 8. Be3 Be7
9. Qf2 Qc7 10. Nc3 d4 11. Nb5 Qd8 12. Bd2 O-O 13. Be2 f6 14. exf6 Bxf6 15. O-O
a6 16. Na3 e5 17. fxe5 Bxe5 18. Qe1 Bd6 19. Ng5 Bf5 20. Bf3 Qd7 21. Be4 h6 22.
Bxf5 Rxf5 23. Rxf5 Qxf5 24. Qe4 Rf8 25. Qxf5 Rxf5 26. Ne4 Bf8 27. Rf1 Rxf1+ 28.
Kxf1 Ne5 29. Ke2 Nbd7 30. b3 Kf7 31. Nc2 Nf6 32. Nxf6 Kxf6 33. Bf4 Ng6 34. Bg3
Ke6 35. Kf3 Bd6 36. Bxd6 1/2-1/2

[Event "Aeroflot Open 2012 B"]
[Site "Moscow"]
[Date "2012.02.10"]
[Round "4"]
[White "Ivana Maria, Furtado"]
[Black "Kalegin, Evgenij"]
[Result "0-1"]
[WhiteElo "2065"]
[BlackElo "2462"]
[PlyCount "70"]
[EventDate "2012.02.07"]
[EventType "swiss"]
[EventRounds "9"]
[EventCountry "RUS"]

1. d4 d6 2. c4 e5 3. d5 Nf6 4. Nc3 Be7 5. e4 O-O 6. g3 c6 7. Bg2 a5 8. Nge2 Na6
9. O-O Nc5 10. Be3 cxd5 11. cxd5 b6 12. h3 Ba6 13. f4 Nfd7 14. Qd2 b5 15. Nd1
b4 16. Nf2 Qb8 17. Rfd1 Bd8 18. Nc1 Bb6 19. Ncd3 Qa7 20. Nxc5 Bxc5 21. Bxc5
dxc5 22. fxe5 Nxe5 23. b3 c4 24. bxc4 Bxc4 25. Qf4 f6 26. Bf1 Rac8 27. Qf5 Bxf1
28. Kxf1 Rc3 29. Kg2 Rf3 30. Qe6+ Kh8 31. Ng4 Nxg4 32. Qxg4 Qf2+ 33. Kh1 Rxg3
34. Rd2 Qe3 35. Re2 Qc3 0-1

[Event "Aeroflot Open 2012 B"]
[Site "Moscow"]
[Date "2012.02.10"]
[Round "4"]
[White "Rogozenco, Dorian"]
[Black "Baghdasaryan, Vahe"]
[Result "1-0"]
[WhiteElo "2539"]
[BlackElo "2393"]
[PlyCount "59"]
[EventDate "2012.02.07"]
[EventType "swiss"]
[EventRounds "9"]
[EventCountry "RUS"]

1. d4 d5 2. c4 c6 3. Nf3 Nf6 4. Nc3 e6 5. Bg5 dxc4 6. e4 b5 7. e5 h6 8. Bh4 g5
9. Bg3 Nd5 10. Nd2 Qa5 11. Qc2 Na6 12. Be2 Nab4 13. Qc1 Qb6 14. a3 Na6 15. a4
Nac7 16. O-O h5 17. h3 h4 18. Bh2 Qxd4 19. Nf3 Qb6 20. Ne4 Na6 21. a5 Qc7 22.
Rd1 Nc5 23. Nf6+ Nxf6 24. exf6 Qb7 25. Qxg5 Bd7 26. Ne5 Bh6 27. Qxh4 Rh7 28.
Bh5 Bf8 29. Bxf7+ Rxf7 30. Qh5 1-0

[Event "Aeroflot Open 2012 B"]
[Site "Moscow"]
[Date "2012.02.10"]
[Round "4"]
[White "Kunin, Vitaly"]
[Black "Swayams, Mishra"]
[Result "0-1"]
[WhiteElo "2537"]
[BlackElo "2386"]
[PlyCount "150"]
[EventDate "2012.02.07"]
[EventType "swiss"]
[EventRounds "9"]
[EventCountry "RUS"]

1. Nf3 Nf6 2. c4 b6 3. g3 Bb7 4. Bg2 e6 5. O-O Be7 6. d4 O-O 7. Re1 d5 8. cxd5
exd5 9. Nc3 Nbd7 10. Bf4 c5 11. Rc1 Ne4 12. dxc5 Ndxc5 13. Nd4 Qd7 14. b4 Nxc3
15. Rxc3 Na6 16. a3 Rac8 17. Rd3 Nc7 18. h4 Bf6 $11 19. e3 Rfd8 20. Kh2 Ne6 21.
Bh3 Qe8 22. Nxe6 fxe6 23. Qg4 Kf7 24. Qh5+ Kg8 25. Qg4 Kf7 26. Be5 Rc2 27. Kg1
Bxe5 28. Qh5+ Ke7 29. Qxe5 Qf7 30. Qf4 Rf8 31. b5 Rc4 32. Rd4 Qxf4 33. gxf4 Kd6
34. Red1 Rfc8 35. Bf1 Rxd4 36. Rxd4 Rc7 37. Kh2 Bc8 38. Kg3 Bd7 39. Bd3 h6 40.
Kf3 $11 Rc3 41. a4 Kc5 42. Ke2 Rc1 43. Kf3 Rd1 44. Kg2 Rd2 45. Kg3 Rb2 46. f5
exf5 47. Kf4 Kd6 48. f3 Rh2 49. Kg3 Rd2 50. Bf1 Rc2 51. e4 Be6 52. Rd1 fxe4 53.
fxe4 Ke5 54. exd5 Rc3+ 55. Kf2 Bxd5 56. a5 Rf3+ 57. Kg1 Rf4 58. axb6 axb6 59.
h5 Bf3 60. Rd7 Bxh5 61. Bg2 Bf3 62. Bxf3 Rxf3 63. Rxg7 Kd6 64. Rg6+ Kc5 65. Kg2
Rf5 66. Rxh6 Kxb5 67. Rh1 Kc4 68. Rc1+ Kd3 69. Kg3 b5 70. Kg4 Rf8 71. Rb1 Rb8
72. Kf4 b4 73. Rh1 b3 74. Rh3+ Kd4 75. Rh7 b2 0-1

[Event "Aeroflot Open 2012 B"]
[Site "Moscow"]
[Date "2012.02.10"]
[Round "4"]
[White "Arun Prasad, S."]
[Black "Nitin, S."]
[Result "1/2-1/2"]
[WhiteElo "2530"]
[BlackElo "2399"]
[PlyCount "51"]
[EventDate "2012.02.07"]
[EventType "swiss"]
[EventRounds "9"]
[EventCountry "RUS"]

1. d4 c5 2. d5 d6 3. e4 Nf6 4. Nc3 g6 5. Bb5+ Nfd7 6. a4 Bg7 7. Nf3 O-O 8. O-O
Na6 9. Nd2 Nc7 10. Be2 Rb8 11. Nc4 b6 12. Na3 a6 13. Rb1 Bb7 14. Bg5 f5 15.
exf5 Rxf5 16. Qd2 Nf6 17. Bd3 Qd7 18. Bxf5 Qxf5 19. Bxf6 Bxf6 20. Nc4 Nxd5 21.
Nxd5 Qxd5 22. Qxd5+ Bxd5 23. Ne3 Bc6 24. b3 b5 25. axb5 axb5 26. f3 1/2-1/2

[Event "Aeroflot Open 2012 B"]
[Site "Moscow"]
[Date "2012.02.10"]
[Round "4"]
[White "Firat, Burak"]
[Black "Minasian, Artashes"]
[Result "0-1"]
[WhiteElo "2396"]
[BlackElo "2525"]
[PlyCount "110"]
[EventDate "2012.02.07"]
[EventType "swiss"]
[EventRounds "9"]
[EventCountry "RUS"]

1. e4 e6 2. d4 d5 3. Nc3 Bb4 4. e5 c5 5. a3 Bxc3+ 6. bxc3 Qc7 7. Nf3 b6 8. a4
Ne7 9. Bb5+ Bd7 10. Bd3 Nbc6 11. O-O h6 12. Re1 O-O 13. h3 cxd4 14. cxd4 Nb4
15. Ba3 Nxd3 16. Qxd3 Rfe8 17. a5 bxa5 18. Bd6 Qd8 19. Qa6 a4 20. Reb1 Qc8 21.
Qb7 a6 22. Qb4 Ng6 23. Qd2 Bb5 24. Ra3 Qd8 25. g3 Rc8 26. h4 Rc6 27. Ne1 Ne7
28. Nd3 Rxd6 29. exd6 Nf5 30. d7 Qxd7 31. Nc5 Qc6 32. Qb4 e5 33. dxe5 Rxe5 34.
Qf4 Re8 35. Nxa4 Qxc2 36. Nc3 Bc4 37. Rc1 Qb2 38. Raa1 g6 39. h5 Qb8 40. Qg4
Kg7 41. Rab1 Qa7 42. hxg6 fxg6 43. Na4 h5 44. Qf4 Nd4 45. Nc3 Rf8 46. Qe3 Nf3+
47. Kg2 Qxe3 48. fxe3 Ne5 49. Rb7+ Kh6 50. Re7 Ng4 51. Nd1 Bf1+ 52. Kg1 Bh3 53.
Nc3 Rf2 54. Rb1 Rg2+ 55. Kf1 Rc2+ 0-1

[Event "Aeroflot Open 2012 B"]
[Site "Moscow"]
[Date "2012.02.10"]
[Round "4"]
[White "Debashis, Das"]
[Black "Kabanov, Nikolai"]
[Result "1/2-1/2"]
[WhiteElo "2389"]
[BlackElo "2522"]
[PlyCount "85"]
[EventDate "2012.02.07"]
[EventType "swiss"]
[EventRounds "9"]
[EventCountry "RUS"]

1. d4 d6 2. Nf3 Nf6 3. c4 g6 4. g3 Bg7 5. Bg2 O-O 6. O-O c6 7. Nc3 Qb6 8. b3 e5
9. dxe5 dxe5 10. Be3 Qa5 11. Qc1 e4 12. Nd4 Re8 13. h3 Na6 14. Rd1 Bd7 15. Bg5
Rad8 16. Bxf6 Bxf6 17. Nxe4 Rxe4 18. Bxe4 Bxh3 19. e3 c5 20. Nb5 Bxa1 21. Qxa1
Rxd1+ 22. Qxd1 Qxa2 23. Qd8+ Kg7 24. Nd6 Nb4 25. Ne8+ Kf8 26. Nd6+ Kg7 27. Kh2
Bf1 28. Kg1 Bh3 29. Qe7 Be6 30. Ne8+ Kg8 31. Qf6 Kf8 32. Nc7 Bh3 33. Kh2 Bf5
34. Qd8+ Kg7 35. Ne8+ Kf8 36. Nd6+ Kg7 37. Nxf5+ gxf5 38. Qg5+ Kf8 39. Qd8+ Kg7
40. Qg5+ Kf8 41. Qxf5 b6 42. Kg2 Qxb3 43. Qc8+ 1/2-1/2

[Event "Aeroflot Open 2012 B"]
[Site "Moscow"]
[Date "2012.02.10"]
[Round "4"]
[White "Blanco, Cristobal J"]
[Black "Atalik, Ekaterina"]
[Result "1-0"]
[WhiteElo "2385"]
[BlackElo "2481"]
[PlyCount "63"]
[EventDate "2012.02.07"]
[EventType "swiss"]
[EventRounds "9"]
[EventCountry "RUS"]

1. c4 Nf6 2. Nc3 g6 3. g3 d5 4. cxd5 Nxd5 5. Bg2 Nb6 6. Nf3 Bg7 7. O-O Nc6 8.
d3 O-O 9. Bd2 h6 10. a3 a5 11. Rc1 Be6 12. Qc2 a4 13. Ne4 Bb3 14. Qb1 Nd7 15.
Bc3 e5 16. e3 f5 17. Ned2 Bf7 18. e4 fxe4 19. Nxe4 b6 20. Qc2 Re8 21. Nh4 Ra7
22. f4 Nd4 23. Qf2 Rf8 24. fxe5 Nb3 25. Rce1 Nxe5 26. Nf6+ Bxf6 27. Qxf6 Qxf6
28. Rxf6 Nd7 29. Rff1 Re8 30. Rxe8+ Bxe8 31. Bd5+ Kh7 32. Re1 1-0

[Event "Aeroflot Open 2012 B"]
[Site "Moscow"]
[Date "2012.02.10"]
[Round "4"]
[White "Petrosian, Davit G"]
[Black "Belyakov, Bogdan"]
[Result "1/2-1/2"]
[WhiteElo "2476"]
[BlackElo "2375"]
[PlyCount "74"]
[EventDate "2012.02.07"]
[EventType "swiss"]
[EventRounds "9"]
[EventCountry "RUS"]

1. e4 e5 2. Nf3 Nc6 3. d4 exd4 4. Nxd4 Nf6 5. Nxc6 bxc6 6. e5 Qe7 7. Qe2 Nd5 8.
c4 Ba6 9. Nd2 f6 10. Qe4 Nb6 11. exf6 Qxe4+ 12. Nxe4 Bxc4 13. Bxc4 Nxc4 14. b3
Nd6 15. Nxd6+ cxd6 16. Bb2 gxf6 17. Bxf6 Rg8 $11 18. g3 a5 19. O-O-O Rg6 20.
Rhe1+ Kf7 21. Bc3 a4 22. b4 Re6 23. Kb2 d5 24. Ka3 c5 25. bxc5 Bxc5+ 26. Bb4
Bxf2 27. Rf1 Rf6 28. Bc3 Bc5+ 29. Kb2 Rxf1 30. Rxf1+ Ke7 31. Rf5 Rf8 32. Rxd5
Rf2+ 33. Rd2 Rxd2+ 34. Bxd2 Ke6 35. Kc3 Kd5 36. Kd3 Kd6 37. Be1 h5 1/2-1/2

[Event "Aeroflot Open 2012 B"]
[Site "Moscow"]
[Date "2012.02.10"]
[Round "4"]
[White "Aldokhin, Ivan"]
[Black "Kurukin, Dmitry"]
[Result "1-0"]
[WhiteElo "2376"]
[BlackElo "2417"]
[PlyCount "89"]
[EventDate "2012.02.07"]
[EventType "swiss"]
[EventRounds "9"]
[EventCountry "RUS"]

1. e4 c5 2. Nf3 d6 3. d4 cxd4 4. Nxd4 Nf6 5. Nc3 a6 6. Be3 e5 7. Nf3 Be7 8. Bc4
O-O 9. O-O Be6 10. Bxe6 fxe6 11. Na4 Ng4 12. Qd3 Nxe3 13. Qxe3 b5 14. Nb6 Ra7
15. Nd5 Rb7 16. Nxe7+ Qxe7 17. Rfd1 Nd7 18. Rd2 Rc8 19. Rad1 Rc6 20. h4 Nf6 21.
Rd3 h6 22. c3 Ne8 23. g3 Qf7 24. Nd2 a5 25. b3 Qh5 26. Nb1 b4 27. Rc1 Rbc7 28.
Nd2 Nf6 29. Nc4 Qg4 30. Re1 Qh3 31. Qf3 bxc3 32. Rxd6 Rxd6 33. Nxd6 Rd7 34. Nc4
c2 35. Rc1 Rd4 36. Rxc2 Rxe4 37. Ne3 Kh7 38. Rc4 Rd4 39. Rxd4 exd4 40. Nc4 a4
41. bxa4 e5 42. Nxe5 Qe6 43. Qd3+ Kh8 44. Ng6+ Kg8 45. Qb3 1-0

[Event "Aeroflot Open 2012 B"]
[Site "Moscow"]
[Date "2012.02.10"]
[Round "4"]
[White "Savitskiy, Sergey"]
[Black "Garcia, Jan Emmanuel"]
[Result "1/2-1/2"]
[WhiteElo "2301"]
[BlackElo "2409"]
[PlyCount "62"]
[EventDate "2012.02.07"]
[EventType "swiss"]
[EventRounds "9"]
[EventCountry "RUS"]

1. e4 d6 2. d4 Nf6 3. Nc3 g6 4. f4 Bg7 5. Nf3 O-O 6. Be2 c5 7. dxc5 Qa5 8. O-O
Qxc5+ 9. Kh1 Nc6 10. Bd3 Bg4 11. Qe1 Bxf3 12. Rxf3 Nb4 13. Be3 Nxd3 14. cxd3
Qb4 15. Qd2 Rac8 16. h3 e6 17. f5 exf5 18. exf5 d5 19. a3 Qd6 20. Nb5 Qa6 21.
a4 Nd7 22. d4 Nf6 23. Bh6 Ne4 24. Qf4 Bxh6 25. Qxh6 Rc2 26. Nc3 gxf5 27. Qxa6
bxa6 28. Nxd5 Rxb2 29. Ne7+ Kh8 30. Nxf5 Rg8 31. Ne3 f6 1/2-1/2

[Event "Aeroflot Open 2012 B"]
[Site "Moscow"]
[Date "2012.02.10"]
[Round "4"]
[White "Xu, Huahua"]
[Black "Tunik, Gennady"]
[Result "0-1"]
[WhiteElo "2134"]
[BlackElo "2406"]
[PlyCount "134"]
[EventDate "2012.02.07"]
[EventType "swiss"]
[EventRounds "9"]
[EventCountry "RUS"]

1. d4 Nf6 2. c4 e6 3. Nc3 Bb4 4. a3 Bxc3+ 5. bxc3 d6 6. e3 O-O 7. Bd3 e5 8. Ne2
Nc6 9. e4 h6 10. O-O Re8 11. Qc2 b6 12. d5 Na5 13. Ng3 Nb7 14. Re1 Nc5 15. h3
c6 16. Be3 Qc7 17. Bxc5 bxc5 18. dxc6 Qxc6 19. Be2 Be6 20. Qd3 Rab8 21. Red1
Rb6 22. a4 a5 23. Rab1 Rxb1 24. Rxb1 Qxa4 25. Qxd6 Qc2 26. Qd3 Qxd3 27. Bxd3
Rd8 28. Be2 a4 29. Ra1 Ra8 30. Ra3 Bd7 31. Bd3 Bc6 32. Bc2 g6 33. f3 Nd7 34.
Nf1 Nb6 35. Ne3 Kg7 36. Kf2 h5 37. h4 Nc8 38. Ke2 Nd6 39. Kd2 f5 40. Nd5 fxe4
41. fxe4 Rf8 42. Bd1 Kh6 43. Bf3 Rb8 44. Nc7 Rc8 45. Nd5 Rd8 46. Ra1 g5 47.
hxg5+ Kxg5 48. Be2 Bxd5 49. exd5 Ra8 50. Kc2 h4 51. Kb2 Kf4 52. Rh1 Ke3 53. Bg4
Nxc4+ 54. Ka2 Rf8 55. Bf3 Rf4 56. Re1+ Kf2 57. Re2+ Kg3 58. d6 Nxd6 59. Rxe5 h3
60. Rg5+ Kf2 61. gxh3 Kxf3 62. Rxc5 Nc4 63. Rg5 Re4 64. Rg7 Re2+ 65. Ka1 a3 66.
Rc7 Na5 67. Rf7+ Kg3 0-1

[Event "Aeroflot Open 2012 B"]
[Site "Moscow"]
[Date "2012.02.10"]
[Round "4"]
[White "Gomez, John Paul"]
[Black "Le, Quang Long"]
[Result "1/2-1/2"]
[WhiteElo "2506"]
[BlackElo "2316"]
[PlyCount "96"]
[EventDate "2012.02.07"]
[EventType "swiss"]
[EventRounds "9"]
[EventCountry "RUS"]

1. e4 c6 2. c4 d5 3. cxd5 cxd5 4. exd5 Nf6 5. Nc3 Nxd5 6. Nf3 Nc6 7. d4 Bg4 8.
Qb3 Bxf3 9. gxf3 e6 10. Qxb7 Nxd4 11. Bb5+ Nxb5 12. Qc6+ Ke7 13. Qxb5 Qd7 14.
Qe2 Nxc3 15. bxc3 f6 16. O-O Kf7 17. Rd1 Qc6 18. Qe4 Qxe4 19. fxe4 Bc5 20. Rd7+
Kg6 21. Kf1 Rhd8 22. Rxd8 Rxd8 23. Ke2 Rc8 24. Bd2 Kh5 25. Rg1 Rc7 26. e5 Bb6
27. Rg3 Kh4 28. exf6 gxf6 29. Rf3 f5 30. Rg3 e5 31. Bg5+ Kh5 32. Bf6 Rc4 33. f3
Ra4 34. a3 h6 35. Bxe5 Rxa3 36. Kd3 Ra2 37. Rh3+ Kg6 38. Bf4 h5 39. Rg3+ Kf6
40. Bg5+ Kf7 41. Bd2 Bc7 42. Rg1 a5 43. h3 a4 44. Rb1 Bg3 45. Rb5 Ke6 46. Rb6+
Kf7 47. Rb5 Ke6 48. Rb6+ Kf7 1/2-1/2

[Event "Aeroflot Open 2012 B"]
[Site "Moscow"]
[Date "2012.02.10"]
[Round "4"]
[White "Gagarin, Vasilij"]
[Black "Goryachkina, Aleksandra"]
[Result "0-1"]
[WhiteElo "2417"]
[BlackElo "2333"]
[PlyCount "74"]
[EventDate "2012.02.07"]
[EventType "swiss"]
[EventRounds "9"]
[EventCountry "RUS"]

1. d4 d5 2. c4 e6 3. Nf3 c6 4. e3 Bd6 5. b3 f5 6. Be2 Nf6 7. O-O Qe7 8. Bb2 O-O
9. Qc1 b6 10. Ba3 c5 11. Nc3 Nbd7 12. cxd5 Nxd5 13. dxc5 bxc5 14. Rd1 Bb7 15.
Qd2 N7f6 16. Nxd5 exd5 17. Rac1 Ne4 18. Qa5 f4 19. exf4 Rxf4 20. Re1 Raf8 21.
h3 Bc8 22. Rc2 Bxh3 23. gxh3 Rxf3 24. Bxf3 Rxf3 25. Kg2 Rf8 26. Bc1 Qh4 27. Be3
d4 28. Bxd4 Qg5+ 29. Kh1 cxd4 30. Qxg5 Nxg5 31. Rd1 Nf3 32. Rc6 Bb4 33. Rc7 a5
34. Rd7 Bc3 35. Rc1 Ne5 36. Rd5 Nd3 37. Rc2 Nb4 0-1

[Event "Aeroflot Open 2012 B"]
[Site "Moscow"]
[Date "2012.02.10"]
[Round "4"]
[White "Cori T., Deysi"]
[Black "Tsydypov, Zhamsaran"]
[Result "1-0"]
[WhiteElo "2415"]
[BlackElo "2321"]
[PlyCount "171"]
[EventDate "2012.02.07"]
[EventType "swiss"]
[EventRounds "9"]
[EventCountry "RUS"]

1. d4 Nf6 2. c4 g6 3. Nf3 Bg7 4. g3 O-O 5. Bg2 d5 6. cxd5 Nxd5 7. O-O Nc6 8.
Nc3 Nb6 9. e3 Re8 10. Re1 a5 11. Qe2 Be6 12. Rd1 Bc4 13. Qd2 a4 14. e4 e5 15.
dxe5 Qxd2 16. Nxd2 Nxe5 17. f4 Ng4 18. Nxc4 Nxc4 19. e5 Bf8 20. Ne4 Red8 21.
Bf3 Nge3 22. Rxd8 Rxd8 23. Bxe3 Nxe3 24. Kf2 Nf5 25. g4 Nd4 26. Rd1 Be7 27. Nc3
b5 28. Nd5 Bh4+ 29. Kg2 c5 30. g5 Kg7 31. Nc3 Rf8 32. Ne4 h6 33. Nxc5 Nf5 34.
Rd7 Rc8 35. gxh6+ Kxh6 36. Ne4 Rc2+ 37. Kh3 Rxb2 38. Nd6 Nxd6 39. exd6 Bf2 40.
Bd5 Rd2 41. Bxf7 g5 42. f5 Rd3+ 43. Kg2 Bc5 44. Bg8 g4 45. Rh7+ Kg5 46. f6 Rd2+
47. Kf1 Kxf6 48. d7 Kg5 49. Be6 Bb6 50. Rh8 Rd1+ 51. Ke2 Rd6 52. Rg8+ Kf6 53.
Bxg4 b4 54. Rb8 Ke7 55. Re8+ Kf6 56. Rb8 Ke7 57. Re8+ Kf6 58. Re4 Ba5 59. Rf4+
Ke7 60. Rf5 Bb6 61. Rb5 Rd4 62. h3 Bc7 63. Ke3 Rc4 64. Rb7 Kd8 65. Kd3 Rc3+ 66.
Ke4 Ba5 67. Ra7 Rc5 68. Ra8+ Ke7 69. Re8+ Kf6 70. d8=Q+ Bxd8 71. Rxd8 Rc2 72.
Rd6+ Kg5 73. Rd5+ Kf6 74. Rd6+ Kg5 75. Rd5+ Kf6 76. Rf5+ Kg6 77. Rb5 Rxa2 78.
Rxb4 Ra1 79. Kf4 a3 80. Rb6+ Kg7 81. Ra6 Rf1+ 82. Kg5 Rb1 83. Ra7+ Kh8 84. Kf6
Rb6+ 85. Be6 Rb2 86. Ra4 1-0

[Event "Aeroflot Open 2012 B"]
[Site "Moscow"]
[Date "2012.02.10"]
[Round "4"]
[White "Pratyusha, Bodda"]
[Black "Romanko, Marina"]
[Result "1/2-1/2"]
[WhiteElo "2142"]
[BlackElo "2389"]
[PlyCount "112"]
[EventDate "2012.02.07"]
[EventType "swiss"]
[EventRounds "9"]
[EventCountry "RUS"]

1. e4 c6 2. d4 d5 3. Nc3 dxe4 4. Nxe4 Bf5 5. Ng3 Bg6 6. h4 h6 7. Nf3 Nd7 8. h5
Bh7 9. Bd3 Bxd3 10. Qxd3 e6 11. Bf4 Qa5+ 12. Bd2 Bb4 13. c3 Be7 14. c4 Bb4 15.
a3 Bxd2+ 16. Qxd2 Qxd2+ 17. Kxd2 Ngf6 18. Rae1 O-O 19. Ne5 Rfd8 20. Kc3 a5 21.
b3 c5 22. dxc5 Nxc5 23. f3 Rdc8 24. Kb2 Ra6 25. Ne2 Rd6 26. Rd1 Rxd1 27. Rxd1
Nxh5 28. b4 axb4 29. axb4 Na6 30. Rd7 Nxb4 31. Rxb7 Nc6 32. Nxc6 Rxc6 33. Rb8+
Kh7 34. Kc3 e5 35. Kb4 Rd6 36. Re8 f6 37. Kc3 Rc6 38. Rd8 g5 39. g4 Ng7 40. Ng3
Ra6 41. Kb4 Rb6+ 42. Ka4 Ne6 43. Rd7+ Kg6 44. Ka3 Ng7 45. c5 Re6 46. Kb4 h5 47.
gxh5+ Nxh5 48. Rd6 Rxd6 49. cxd6 Ng7 50. Kc5 Ne6+ 51. Kc6 Nf8 52. Kd5 Kf7 53.
Ne4 Ne6 54. Ng3 Nd4 55. Ne4 Nb3 56. d7 Ke7 1/2-1/2

[Event "Aeroflot Open 2012 B"]
[Site "Moscow"]
[Date "2012.02.10"]
[Round "4"]
[White "Huang, Qian"]
[Black "Soumya, Swaminathan"]
[Result "1/2-1/2"]
[WhiteElo "2389"]
[BlackElo "2280"]
[PlyCount "110"]
[EventDate "2012.02.07"]
[EventType "swiss"]
[EventRounds "9"]
[EventCountry "RUS"]

1. c4 Nf6 2. Nf3 g6 3. b3 Bg7 4. Bb2 O-O 5. g3 c5 6. Bg2 Nc6 7. O-O Rb8 8. d4
cxd4 9. Nxd4 Nxd4 10. Bxd4 b6 11. e4 d6 12. Nc3 Bg4 13. Qd2 Qd7 14. Rfe1 Bh3
15. Bh1 e5 16. Be3 Ng4 17. Rad1 Nxe3 18. Qxe3 Rfd8 19. Rd3 Qc6 20. Nd5 Qc5 21.
Qc1 Kh8 22. Red1 Bg4 23. Bf3 Be6 24. Nc3 a6 25. a4 Rd7 26. Qd2 Rbd8 27. Nd5 a5
28. Nc3 Qb4 29. Qc2 Qc5 30. Qe2 Bf8 31. h4 f5 32. Nd5 Rf7 33. Kg2 Bh6 34. Nc3
f4 35. g4 g5 36. Nb5 Rfd7 37. Rh1 gxh4 38. Rxh4 Bg5 39. Rh5 h6 40. Qd1 Kg7 41.
Nc3 Bf7 42. Rh2 Rg8 43. Kf1 Rgd8 44. Be2 Rh8 45. Nb1 Qc6 46. Nd2 Rhd8 47. Qb1
Rh8 48. Rdh3 Bg6 49. Bd3 Rdd8 50. Nf3 Qd7 51. Nh4 Bxh4 52. Rxh4 Rdf8 53. f3 Qc6
54. Qe1 Qc5 55. Bc2 Rc8 1/2-1/2

[Event "Aeroflot Open 2012 B"]
[Site "Moscow"]
[Date "2012.02.10"]
[Round "4"]
[White "Wang, Jue"]
[Black "Hernandez, Alexander"]
[Result "0-1"]
[WhiteElo "2388"]
[BlackElo "2270"]
[PlyCount "130"]
[EventDate "2012.02.07"]
[EventType "swiss"]
[EventRounds "9"]
[EventCountry "RUS"]

1. e4 e5 2. Nf3 Nc6 3. Nc3 Bb4 4. Nd5 d6 5. c3 Bc5 6. b4 Bb6 7. b5 Nce7 8. Nxb6
axb6 9. d4 Nf6 10. Qc2 Ng6 11. Be2 O-O 12. O-O Qe7 13. Re1 Re8 14. a4 exd4 15.
cxd4 Nxe4 16. d5 Nc5 17. Bb2 Bg4 18. Qc3 Qf8 19. h3 Bxf3 20. Qxf3 Nxa4 21. Bd4
Nc5 22. Rxa8 Rxa8 23. Bf1 Re8 24. Rxe8 Qxe8 25. Qc3 f6 26. Qa3 Kf8 27. Qa7 Qc8
28. Be2 Ne5 29. h4 Ke7 30. h5 Kf7 31. Qa3 Qf5 32. Qc3 Qb1+ 33. Bf1 Qf5 34. Be2
Qb1+ 35. Bf1 Qf5 36. Be2 Ned7 37. Qe3 Qb1+ 38. Bf1 Qb3 39. Qc1 Ne5 40. Bxe5
fxe5 41. h6 gxh6 42. Qxh6 Qc2 43. Qg5 Nd7 44. Qg4 Nf6 45. Qe6+ Kg6 46. Qc8 e4
47. Qe6 Qd1 48. Qe7 Qxd5 49. Qxc7 Qc5 50. Qxb7 d5 51. Qb8 d4 52. Qg3+ Qg5 53.
Qd6 Qc5 54. Qg3+ Kf7 55. Qb3+ Ke7 56. Qa2 d3 57. Qa7+ Kf8 58. Qa8+ Kg7 59. Qb7+
Kg6 60. Qc6 Qd4 61. Qc1 d2 62. Qd1 e3 63. fxe3 Qxe3+ 64. Kh2 Qe1 65. Bd3+ Kg7
0-1